Paul Gauguin (Registro nro. 84957)

Detalles MARC
000 -ENCABEZADO
Número de control [NR] 00903nam a22002537a 4500
008 - DE LONGITUD FIJA DE DATOS DE ELEMENTOS - INFORMACIÓN GENERAL
Elementos de longitud fija [NR] 130821s1964 it gr dita
040 ## - FUENTE DE CATALOGACION [NR]
Agencia de catalogación original [NR] Co-BoUCM
Idioma de catalogación [NR] spa
041 00 - CODIGO DE IDIOMA [R]
Código de idioma para texto/pista de sonido o título separado [R] Italiano
092 ## - SIGNATURA TOPOGRAFICA LOCAL
Número de clasificación local FM 000158
100 ## - ASIENTO PRINCIPAL--NOMBRE PERSONAL [NR]
Nombre personal [NR] Martini, Alberto
ID Autoridad 123819
245 00 - MENCION DE TITULO [NR]
Título [NR] Paul Gauguin
Mención de responsabilidad, etc. [NR] Alberti Martini
260 ## - PUBLICACION, DISTRIBUCION, ETC. (PIE DE IMPRENTA) [R]
Lugar de publicación, distribución, etc. [R] Milán (Italia)
Nombre del editor, distribuidor, etc. [R] Fratelli Fabbri Editori
Fecha de publicación, distribución, etc. [R] 1964
300 ## - DESCRIPCION FISICA [R]
Extensión [R] 24 páginas
490 ## - MENCION DE SERIE [R]
Mención de serie [R] I Maestri del Colore; 14
500 ## - NOTA GENERAL [R]
Nota general [NR] Incluye índice. -- Este libro se encuentra en el depósito de la biblioteca)
600 ## - ASIENTO SECUNDARIO DE MATERIA - NOMBRE PERSONAL [R]
Nombre personal [NR] Gauguin, Eugene Henri Paul
Fechas asociadas con el nombre [NR] 1848-1903
9 (RLIN) 123840
600 ## - ASIENTO SECUNDARIO DE MATERIA - NOMBRE PERSONAL [R]
Nombre personal [NR] Gauguin, Eugene Henri Paul
Fechas asociadas con el nombre [NR] 1848-1903
Subdivisión de forma [R] Biografías
9 (RLIN) 123841
600 ## - ASIENTO SECUNDARIO DE MATERIA - NOMBRE PERSONAL [R]
Nombre personal [NR] Gauguin, Eugene Henri Paul
Fechas asociadas con el nombre [NR] 1848-1903
Subdivisión general [R] Trabajos pictóricos
9 (RLIN) 123842
650 04 - ASIENTO SECUNDARIO DE MATERIA - TERMINO TEMATICO [R]
Término temático o nombre geográfico como elemento de entrada [NR] Biografías
9 (RLIN) 7343
650 04 - ASIENTO SECUNDARIO DE MATERIA - TERMINO TEMATICO [R]
Término temático o nombre geográfico como elemento de entrada [NR] Impresionismo (Arte)
9 (RLIN) 17225
650 04 - ASIENTO SECUNDARIO DE MATERIA - TERMINO TEMATICO [R]
Término temático o nombre geográfico como elemento de entrada [NR] Pintura francesa
9 (RLIN) 21547
650 04 - ASIENTO SECUNDARIO DE MATERIA - TERMINO TEMATICO [R]
Término temático o nombre geográfico como elemento de entrada [NR] Pinturas
9 (RLIN) 21575
942 ## - ELEMENTOS DE ENTRADA AGREGADOS (KOHA)
Tipo de ítem principal el descrito en 300a Libro
Tema principal [No clasificado]
Edición 1
Título oculto en OPAC No
Existencias
Total préstamos Signatura topográfica Código de barras Última vez visto Ejemplar Price effective from Tipo de ítem Nota pública (OPAC) Perdido Sistema de clasificación Dañado No prestable Tipo de ítem específico Suprimido Ubicación habitual Ubicación actual Localización Fecha de creación Forma de adquisición Costo
  FM 000158 120054414 04/12/2025 Ej.1 03/02/2013 Libro Galería de donantes   LOCAL     Libro   Claustro Claustro 3er piso 28/02/2003 Donación 10000.00